Normal view
MARC view
Entry Personal Name
001 - CONTROL NUMBER
- control field: 1103
003 - CONTROL NUMBER IDENTIFIER
- control field: ARRUPE
005 - DATE AND TIME OF LATEST TRANSACTION
- control field: 20130924173239.0
008 - FIXED-LENGTH DATA ELEMENTS
- fixed length control field: 130924|| aca||aabn | a|a d
040 ## - CATALOGING SOURCE
- Original cataloging agency: ARRUPE
- Transcribing agency: ARRUPE
100 ## - HEADING--PERSONAL NAME
- Personal name: Heidegger, Martin,
- Dates associated with a name: 1889-1976
- General subdivision: Influence.
670 ## - SOURCE DATA FOUND
- Source citation: Work cat.: (ARRUPE)0: Kelley, Shawn, 1961- 1101, Racializing Jesus :, 2002.